000 01115nam a2200289Ia 4500
003 OSt
005 20221005111753.0
006 a|||||r|||| 00| 0
007 ta
008 221004b |||||||| |||| 00| 0 hin d
020 _a9788189868543 (hbk)
_c650
024 _a121640
037 _b13325, 14/07/2012, Kitab Ghar
_cTextual
040 _aCRL
_cCRL
_bhin
041 _2hin
_ahin
082 _aV3.N14<-M75, 152P9
100 _aहॉब्सबाम, एरिक
245 0 _aसाम्राज्य का युग 1875-1914
246 _aSāmrājya kā yug 1875-1914
260 _aमुबंई
_bसंवाद प्रकाशन भारत
_c2009
300 _a485पृ0
_ccm.
490 _aविश्व ग्रंथमाला
650 _aविश्व-इतिहास
700 _a दीक्षित, प्रकाश, अनु.
942 _hV3.N14<-M75, 152P9
_cTEXL
_2cc
999 _c1022832
_d1022832